logo

Bir Sreshtho Munshi Abdur Rouf Library
Jhenaidah Cadet College

Hide and seek : (Record no. 1757)

MARC details
000 -LEADER
fixed length control field 01274cam a2200349 a 4500
001 - CONTROL NUMBER
JCCL Control Number 1757
003 - CONTROL NUMBER IDENTIFIER
JCCL marc code BD-JhCC
005 - DATE AND TIME OF LATEST TRANSACTION
control field 20211026134022.0
008 - FIXED-LENGTH DATA ELEMENTS--GENERAL INFORMATION
fixed length control field 080428s2009 njuab b a 001 0 eng
020 ## - INTERNATIONAL STANDARD BOOK NUMBER
International Standard Book Number 9780471785309 (cloth)
020 ## - INTERNATIONAL STANDARD BOOK NUMBER
International Standard Book Number 047178530X (cloth)
035 ## - SYSTEM CONTROL NUMBER
system control number (BD-JhCC) 1757
035 ## - SYSTEM CONTROL NUMBER
system control number (OCoLC)ocn226984670
040 ## - CATALOGING SOURCE
Original cataloging agency DLC
Transcribing agency DLC
Modifying agency BTCTA
-- OCLCG
-- YDXCP
-- C#P
-- BWX
-- CDX
-- IXA
-- DLC
-- BD-JhCC
041 ## - LANGUAGE CODE
Language code of Book eng
050 00 - LIBRARY OF CONGRESS CALL NUMBER
Classification number VB230
Item number .H83 2009
082 00 - DEWEY DECIMAL CLASSIFICATION NUMBER
Classification number 359.3/4309045
DDC Edition number 22
Author mark and Year HUC 2009
100 1# - MAIN ENTRY--PERSONAL NAME
Personal name Huchthausen, Peter A.,
Dates associated with a name 1939-
245 10 - TITLE STATEMENT
Title Hide and seek :
Remainder of title the untold story of Cold War naval espionage /
Statement of responsibility, etc Peter A. Huchthausen and Alexandre Sheldon-Duplaix.
260 ## - PUBLICATION, DISTRIBUTION, ETC. (IMPRINT)
Place of publication, distribution, etc Hoboken, N.J. :
Name of publisher, distributor, etc John Wiley & Sons,
Date of publication, distribution, etc c2009.
300 ## - PHYSICAL DESCRIPTION
Pagination xiv, 414 p. :
Other physical details ill., map ;
Dimensions 25 cm.
504 ## - BIBLIOGRAPHY, ETC. NOTE
Bibliography, etc Includes bibliographical references (p. 365-398) and index.
610 10 - SUBJECT ADDED ENTRY--CORPORATE NAME
Corporate name or jurisdiction name as entry element United States.
Subordinate unit Navy
610 10 - SUBJECT ADDED ENTRY--CORPORATE NAME
Corporate name or jurisdiction name as entry element Soviet Union.
Subordinate unit Voenno-Morskoĭ Flot
650 #0 - SUBJECT ADDED ENTRY--TOPICAL TERM
Topical term or geographic name as entry element Military intelligence
General subdivision History
Chronological subdivision 20th century.
650 #0 - SUBJECT ADDED ENTRY--TOPICAL TERM
Topical term or geographic name as entry element Naval history, Modern
Chronological subdivision 20th century.
650 #0 - SUBJECT ADDED ENTRY--TOPICAL TERM
Topical term or geographic name as entry element Cold War.
700 1# - ADDED ENTRY--PERSONAL NAME
Personal name Sheldon-Duplaix, Alexandre.
856 41 - ELECTRONIC LOCATION AND ACCESS
Materials specified Table of contents only
Uniform Resource Identifier http://www.loc.gov/catdir/toc/ecip0817/2008018997.html
942 ## - ADDED ENTRY ELEMENTS (KOHA)
Source of classification or shelving scheme Dewey Decimal Classification
Koha item type Books
Koha issues (borrowed), all copies 4
Holdings
Source of classification or shelving scheme Damaged status Not for loan Home library Current library Shelving location Date of accession Total Checkouts Full call number Barcode Date last seen Date checked out Copy number Koha item type
Dewey Decimal Classification     JCC Rouf Library JCC Rouf Library General Stacks 10/24/2017 2 359.3/4309045 HUC 2009 3063 11/04/2021 10/25/2021 C-1 Books

JCC Library | Contacts | JCC Home

Last Update on 23 September 2017
Copyright @ 2017-2020 JCC Rouf Library
Rouf Library, Jhenidah Cadet College (JCC), Bangladesh